000 00863cam a2200277 4500
001 12699
003 BD-RjUL
005 20211208235337.0
008 140129s1969 moua b 001 0 eng d
020 _a0801651743
035 _a(BD-RjUL)12749
040 _aDLC
_cDLC
_dBD-RjUL
_beng
041 _aeng
082 0 0 _a616.89
_216
_bULS 1969
100 1 _aUlett, George A.
_939539
245 1 2 _aA synopsis of contemporary psychiatry
_c[by] George A. Ulett [and] D. Wells Goodrich.
250 _a4th ed.
260 _aSaint Louis :
_bC. V. Mosby Co. ,
_c1969.
300 _axiv, 340 p. :
_billus. ;
_c21 cm.
504 _aIncludes bibliographies and index.
650 0 _aPsychiatry
_xOutlines, syllabi, etc.
_939540
700 1 _aGoodrich, Donald Wells,
_d1924-
_ejoint author.
_939541
942 _2ddc
_cBK
999 _c12699
_d12699